书目信息 |
| 题名: |
宋元戏曲史
|
|
| 作者: | 王国维 著 | |
| 分册: | ||
| 出版信息: | 北京 中国书籍出版社 2020.04 |
|
| 页数: | 164页 | |
| 开本: | 21cm | |
| 丛书名: | 中国史略丛刊 | |
| 单 册: | ||
| 中图分类: | J809.244 , J809.2 | |
| 科图分类: | ||
| 主题词: | 戏剧史--xi ju shi--中国--宋元时期 | |
| 电子资源: | ||
| ISBN: | 978-7-5068-7633-9 | |
| 000 | 01121nam 2200289 450 | |
| 001 | 2142763465 | |
| 005 | 20211130115252.97 | |
| 010 | @a978-7-5068-7633-9@b精装@dCNY46.00 | |
| 100 | @a20200617d2020 em y0chiy50 ea | |
| 101 | 0 | @achi |
| 102 | @aCN@b110000 | |
| 105 | @ay z 000yy | |
| 200 | 1 | @a宋元戏曲史@Asong yuan xi qu shi@f王国维著 |
| 210 | @a北京@c中国书籍出版社@d2020.04 | |
| 215 | @a164页@d21cm | |
| 225 | 2 | @a中国史略丛刊@Azhong guo shi lue cong kan@h第一辑 |
| 314 | @a王国维, 享有国际声誉的著名学者。 | |
| 330 | @a本书是王国维多年从事戏曲研究的一部总结性著作, 被公认为中国近代古典戏曲研究的“开山之作”。它大大提升了戏曲在文学中的地位, 把他从“托体近卑”的俗文学拉升到了文学艺术的范畴。该书共十六章, 以宋、元两朝为重点, 徵引历代有关资料, 考察中国古典戏曲形成、演变、发展的过程, 描绘出清晰的途径和线索。 | |
| 410 | 0 | @12001 @a中国史略丛刊@h第一辑 |
| 606 | 0 | @a戏剧史@Axi ju shi@y中国@z宋元时期 |
| 690 | @aJ809.244@v5 | |
| 690 | @aJ809.2@v4 | |
| 701 | 0 | @a王国维@Awang guo wei@4著 |
| 801 | 0 | @aCN@b人天书店@c20200617 |
| 902 | @aRt931-2895 | |
| 905 | @aZUCC@dJ809.2@e6 | |
| 962 | @a6967212 | |
| 宋元戏曲史/王国维著.-北京:中国书籍出版社,2020.04 |
| 164页;21cm.-(中国史略丛刊.第一辑) |
| ISBN 978-7-5068-7633-9(精装):CNY46.00 |
| 本书是王国维多年从事戏曲研究的一部总结性著作, 被公认为中国近代古典戏曲研究的“开山之作”。它大大提升了戏曲在文学中的地位, 把他从“托体近卑”的俗文学拉升到了文学艺术的范畴。该书共十六章, 以宋、元两朝为重点, 徵引历代有关资料, 考察中国古典戏曲形成、演变、发展的过程, 描绘出清晰的途径和线索。 |
| ● |
| 相关链接 |
|
|
|
正题名:宋元戏曲史
索取号:J809.2/6
 
预约/预借
| 序号 | 登录号 | 条形码 | 馆藏地/架位号 | 状态 | 备注 |
| 1 | 2000891494 | 2000891494 | 思政阅览室/思1架B面2层1列/ [索取号:J809.2/6] | 在馆 |